00397nam a2200145Ia 4500008004100000020001500041041000800056082001700064100004600081245003200127250000600159260006200165300001500227650000900242210716s2005 xx 000 0 und d a8173664390 aeng a004.651 DANL aDang, Luan;Jennings, Cullen;Kelly, David. aPractical volp using vocal. a1 aMumbaibShroff Publishers and Distributors Pvt Ltdc2005 axvii,502,9 aNone